[Event "45th Olympiad Budapest 2024"]
[Site "Budapest"]
[Date "2024.09.19"]
[Round "8"]
[Board "3"]
[White "Baules Rodriguez, Jorge Luis"]
[Black "Amilal, Munkhdalai"]
[Result "0-1"]
[WhiteElo "2271"]
[BlackElo "2374"]
[PlyCount "72"]
[EventDate "2024.09.11"]
[EventType "team-tourn"]
[EventRounds "11"]
[EventCountry "HUN"]
[WhiteTeam "Panama"]
[BlackTeam "Mongolia"]
[WhiteTeamCountry "PAN"]
[BlackTeamCountry "MGL"]

1. e4 c5 2. Nf3 Nc6 3. d4 cxd4 4. Nxd4 Qc7 5. Nc3 e6 6. Be2 a6 7. Be3 b5 8. f4 Bb7 9. a3 ({RR} 9. Nxc6 Bxc6 10. Bf3 Rc8 11. O-O b4 12. Ne2 Nf6 13. Ng3 h5 14. Qd4 h4 15. Nh1 d5 16. e5 Ne4 17. Bxe4 dxe4 18. c4 bxc3 19. Qxc3 Be7 20. Nf2 O-O 21. Rfc1 Qb7 22. Qc2 Bd5 23. Qe2 Rxc1+ {0-1 Heinemann,T (2461)-Ribli,Z (2584) Bundesliga 1314 2013 (12.6)}) ({RR} 9. Nxc6 Bxc6 10. Bf3 d6 11. O-O Nf6 12. Re1 Be7 13. a3 O-O 14. Qd2 Rfd8 15. Rad1 d5 16. exd5 Nxd5 17. Nxd5 Bxd5 18. Bxd5 Rxd5 19. Qe2 Rad8 20. Rxd5 Rxd5 21. Rd1 Rxd1+ 22. Qxd1 h6 23. g3 a5 {0-1 Vivaan Vishal Shah (2076)-Pichot,A (2644) Titled Tue 27th Feb Early 2024 (2)}) 9... Na5 10. O-O $146 ({RR} 10. Ndxb5 axb5 11. Nxb5 Qc6 12. Qd4 Be7 13. b4 Nf6 14. e5 Nd5 15. Na7 Qxc2 16. Bd3 Qxg2 17. Be4 Bh4+ {0-1 Donon,R (2002)-Vernay,C (2293) FRA-ch U18 Aix les Bains 2006 (2)}) 10... Nc4 11. Bxc4 Qxc4 12. Qd2 Nf6 13. e5 Ng4 14. Rad1 Qc7 15. f5 Qxe5 16. Bf4 Qc5 17. b4 Qb6 18. Qe2 Nf6 19. fxe6 fxe6 20. Be3 Qc7 21. Rxf6 gxf6 22. Qh5+ Ke7 23. Nxe6 Qxc3 24. Rxd7+ Kxd7 25. Qf7+ Be7 26. Nc5+ Kd8 27. Nxb7+ Kc8 28. Qe6+ Kxb7 29. Qb6+ Kc8 30. Qe6+ Kd8 31. Qd5+ Ke8 32. Qh5+ Kd7 33. Qh3+ f5 34. Qxf5+ Kc7 35. Bf4+ Bd6 36. Qf7+ Kc6 0-1

[Event "45th Olympiad Budapest 2024"]
[Site "Budapest"]
[Date "2024.09.19"]
[Round "8"]
[Board "4"]
[White "Itgelt, Khuyagtsogt"]
[Black "Schnell, Sebastian Narayana"]
[Result "1-0"]
[WhiteElo "2412"]
[BlackElo "2059"]
[PlyCount "51"]
[EventDate "2024.09.11"]
[EventType "team-tourn"]
[EventRounds "11"]
[EventCountry "HUN"]
[WhiteTeam "Mongolia"]
[BlackTeam "Panama"]
[WhiteTeamCountry "MGL"]
[BlackTeamCountry "PAN"]

1. d4 Nf6 2. c4 g6 3. g3 Bg7 4. Bg2 d6 5. Nf3 O-O 6. O-O Nbd7 7. Qc2 e5 8. Rd1 Qe7 9. Nc3 c6 10. e4 exd4 11. Nxd4 a5 12. h3 ({RR} 12. b3 Nc5 13. Bf4 Rd8 14. Re1 Ng4 15. Nf3 Ne5 16. Be3 Ned3 17. Re2 Bg4 18. Bg5 f6 19. Bd2 Ne5 20. Re3 Bxf3 21. Bxf3 Bh6 22. Bg2 Bxe3 23. Bxe3 Ng4 24. Bf4 Ne6 25. Bd2 Ne5 26. Be3 Ng4 {½-½ Deac,B (2566)-Wei,Y (2739) Medias Kings rapid 11th 2017 (1)}) ({RR} 12. Be3 Nc5 13. Re1 Ng4 14. Rad1 Nxe3 15. Rxe3 Ne6 16. Nde2 Nc5 17. b3 Bg4 18. f3 Be6 19. Nd4 Rfd8 20. a3 Bh6 21. Ree1 Rd7 22. b4 axb4 23. axb4 Na6 24. b5 Nc5 25. bxc6 bxc6 26. Nxc6 Qf8 {0-1 Urbina Perez,J (2248)-Osiecki,S (1986) Titled Tue 4th Jun Early 2024 (2)}) ({RR} 12. Bf4 Ne5 13. b3 Nh5 14. Be3 Nd7 15. h3 Nc5 16. Rab1 Bd7 17. a3 Rfe8 18. b4 axb4 19. axb4 Ne6 20. Nxe6 Bxe6 21. c5 dxc5 22. bxc5 Ra3 23. Na4 Nxg3 24. Rd3 Ra2 25. Qd1 Ra8 26. Nb6 Ne2+ {0-1 Itgelt,K (2321)-Krutko,A (2397) Titled Tue 20th Jun Early 2023 (8)}) 12... h6 $146 ({RR} 12... Nc5 13. Bf4 Rd8 14. Nb3 Be6 15. Bf1 Nh5 16. Be3 f5 17. Nxc5 dxc5 18. exf5 Bxf5 19. Qe2 Nf6 20. g4 Be6 21. Na4 Nd7 22. Bg5 Bf6 23. Bxf6 Qxf6 24. Re1 Re8 25. Bg2 Bf7 26. Qd2 Qd4 27. Rad1 {1-0 Reshevsky,S (2490)-Matera,S USA-ch Mentor 1977 (12)}) ({RR} 12... Nc5 13. Bf4 Nfd7 14. Nb3 Ne5 15. Nxc5 dxc5 16. Na4 Be6 17. Be3 Nd7 18. f4 Rfd8 19. Rac1 Rac8 20. Qf2 b6 21. Nxb6 Nxb6 22. Bxc5 Qb7 23. Rxd8+ Rxd8 24. Bxb6 Qxb6 25. Qxb6 Bd4+ 26. Qxd4 Rxd4 27. g4 {1-0 Shumiakina,T (2330)-Sekulovska,V (2055) Olympiad Women-31 1994 (1)}) ({RR} 12... Nc5 13. Be3 Re8 14. f3 Nfd7 15. Bf2 Nf8 16. f4 Nfe6 17. Nde2 f5 18. exf5 gxf5 19. Rd2 Nd8 20. Nd4 Qf7 21. Rad1 Qg6 22. Nf3 Nf7 23. Nh4 Qh5 24. Bf3 Qh6 25. Nxf5 Qxh3 26. Nxg7 Kxg7 27. Bd4+ {1-0 Trichkov,V (2415)-Kundrik,P SVK-chT Slovakia 1995}) 13. Bf4 Ne5 14. b3 Nh7 15. Be3 Qf6 16. f4 Nd7 17. Rd2 g5 18. Rf1 gxf4 19. gxf4 Nc5 20. Nce2 Qg6 21. Kh2 Re8 22. Ng3 Nf6 23. Rg1 Nh5 24. Bf3 Nxg3 25. Rxg3 Qf6 26. Rdg2 1-0

[Event "45th Olympiad Budapest 2024"]
[Site "Budapest"]
[Date "2024.09.19"]
[Round "8"]
[Board "1"]
[White "Gascon Del Nogal, Jose Rafael"]
[Black "Tan, Jun Ying"]
[Result "1/2-1/2"]
[WhiteElo "2454"]
[BlackElo "2322"]
[PlyCount "72"]
[EventDate "2024.09.11"]
[EventType "team-tourn"]
[EventRounds "11"]
[EventCountry "HUN"]
[WhiteTeam "Venezuela"]
[BlackTeam "Malaysia"]
[WhiteTeamCountry "VEN"]
[BlackTeamCountry "MAS"]

1. d4 Nf6 2. c4 c5 3. Nf3 cxd4 4. Nxd4 e5 5. Nb5 d5 6. cxd5 Bc5 7. N5c3 O-O 8. g3 Qb6 9. e3 Bf5 10. Bg2 e4 11. O-O ({RR} 11. a3 Re8 12. O-O Nbd7 13. Nd2 Rac8 14. h3 h6 15. Na4 Qc7 16. b4 Bd6 17. Bb2 Ne5 18. Rc1 Qd7 19. g4 Rxc1 20. Bxc1 Bg6 21. Nc3 Nd3 22. Ndxe4 Nxe4 23. Qxd3 Ng3 24. Qb5 Qxb5 25. Nxb5 Bb8 {0-1 Eugen Mehul Shah (1744)-Radojicic,A (2088) 61st World Juniors 2024 (8.52)}) 11... Nbd7 12. Nd2 Rfe8 13. b3 h5 $146 ({RR} 13... Bb4 14. Nc4 Qa6 15. Bb2 b5 16. Nd2 Bxc3 17. Bxc3 Nxd5 18. Bd4 Rac8 19. Qh5 Qg6 20. Qe2 a6 21. Rfc1 Ne5 22. Rxc8 Bxc8 23. Bxe4 Qd6 24. Rc1 Nc6 25. Qh5 f5 26. Qxe8+ {1-0 Poeta,C (2088)-Oberholzer,F (2056) Titled Tuesday intern op 25th Aug blitz 2020 (9)}) ({RR} 13... Rac8 14. Bb2 Bd6 15. Qe2 Bg4 16. Qb5 Be5 17. Nc4 Qd8 18. Nxe5 Nxe5 19. Nxe4 Nxe4 20. Bxe4 Nf3+ 21. Bxf3 Bxf3 22. Rfc1 Qg5 23. Rxc8 Rxc8 24. Rc1 Rxc1+ 25. Bxc1 Qe5 26. Qxb7 h5 27. Qc8+ Kh7 28. Qc2+ {1-0 Hracek,Z (2605)-Lomasov,S (2395) Warsaw Najdorf Memorial op-A 14th 2016 (3)}) ({RR} 13... Bb4 14. Bb2 Rac8 15. Nc4 Qa6 16. Ne2 b5 17. a3 Bf8 18. Nd2 Ne5 19. Bxe5 Rxe5 20. Nd4 Bg6 21. b4 Rc3 22. N2b3 Rxd5 23. Qb1 Qd6 24. Qb2 Rc4 25. Rac1 Rxc1 26. Rxc1 Ng4 27. Rc8 h5 28. Qc2 {1-0 Beliavsky,A (2646)-Vuckovic,B (2576) EU-ch 10th Budva 2009 (10)}) 14. Bb2 h4 15. Na4 Qd8 16. Nxc5 Nxc5 17. Bd4 h3 18. Bh1 Qe7 19. f3 Bg6 20. fxe4 Ncxe4 21. Nxe4 Nxe4 22. Qg4 Rad8 23. Rf4 Nc3 24. Rc1 Nxd5 25. Re4 Qf8 26. Rxe8 Qxe8 27. Bxd5 Rxd5 28. Rc8 Rd8 29. Rxd8 Qxd8 30. Qxh3 Qc7 31. Qg4 Qc1+ 32. Kf2 Qc2+ 33. Qe2 Qf5+ 34. Qf3 Qc2+ 35. Qe2 Qf5+ 36. Qf3 Qc2+ 1/2-1/2

[Event "45th Olympiad Budapest 2024"]
[Site "Budapest"]
[Date "2024.09.19"]
[Round "8"]
[Board "2"]
[White "Ang, Ern Jie Anderson"]
[Black "Ynojosa Aponte, Felix Jose"]
[Result "1/2-1/2"]
[WhiteElo "2132"]
[BlackElo "2398"]
[PlyCount "193"]
[EventDate "2024.09.11"]
[EventType "team-tourn"]
[EventRounds "11"]
[EventCountry "HUN"]
[WhiteTeam "Malaysia"]
[BlackTeam "Venezuela"]
[WhiteTeamCountry "MAS"]
[BlackTeamCountry "VEN"]

1. d4 Nf6 2. c4 e6 3. g3 c5 4. d5 exd5 5. cxd5 b5 6. e4 Nxe4 7. Bg2 Nd6 8. Bf4 Be7 9. Nf3 O-O 10. O-O Bb7 ({RR} 10... Na6 11. Re1 Bb7 12. Nc3 b4 13. Bxd6 Bxd6 14. Ne4 Qc7 15. Nfg5 h6 16. Qh5 Be5 17. d6 Qb6 18. Nxf7 Rxf7 19. Qxe5 c4 20. Bf1 Rc8 21. Rac1 c3 22. bxc3 Nc5 23. cxb4 Nxe4 24. Rxc8+ Bxc8 25. Qe8+ {1-0 Ding,L (2791)-Ivanchuk,V (2678) Legends of Chess Prelim rapid 2020 (3.3)}) 11. Re1 b4 $146 ({RR} 11... Re8 12. Nc3 a6 13. Rc1 Nc4 14. a4 d6 15. b3 Nb6 16. axb5 N8d7 17. bxa6 Bxa6 18. Ne4 Bb7 19. Nxd6 Bxd6 20. Bxd6 Bxd5 21. Rxe8+ Qxe8 22. Bxc5 h6 23. Bd4 Ra3 24. Rc3 Qa8 25. Re3 Nc5 26. b4 {1-0 Drakopoulos,A (2221)-Koerant,F (1996) Athens op 2010 (4)}) ({RR} 11... Na6 12. Qe2 Re8 13. Nc3 Nc7 14. Ne5 b4 15. Ne4 Nxd5 16. Nxd6 Bxd6 17. Qc4 Bxe5 18. Bxe5 d6 19. Bxd5 Bxd5 20. Qxd5 dxe5 21. Qxc5 Qd2 22. Rab1 e4 23. Red1 Qe2 24. Re1 Qd2 25. Red1 Qh6 26. Re1 {½-½ Sygulski,P (2103)-Paprocki,A (2232) Bydgoszcz Open A 2024 (5.18)}) ({RR} 11... Na6 12. Nc3 b4 13. Bxd6 Bxd6 14. Ne4 Be7 15. d6 Bf6 16. Nxf6+ Qxf6 17. Ne5 Bxg2 18. Kxg2 Rfe8 19. Qd5 Qe6 20. Qd3 c4 21. Nxc4 Nc5 22. Rxe6 Nxd3 23. Re7 Nc5 24. Rae1 Kf8 25. R1e5 Nd3 26. Rd5 {1-0 Vantika,A (2243)-Gomes,M (2303) IND-ch (Women) 46th 2019 (10)}) ({RR} 11... Re8 12. Nc3 b4 13. Na4 Na6 14. Rc1 Rc8 15. Bf1 Nf5 16. Bxa6 Bxa6 17. d6 Bf6 18. Rxc5 Rxe1+ 19. Qxe1 Nd4 20. Nxd4 Bxd4 21. Rxc8 Qxc8 22. Qxb4 Qe8 23. Be3 Bxe3 24. Qe1 Bxf2+ 25. Kxf2 Qc8 26. Qc3 {0-1 Bodnar,Z (2164)-Sipos,J (2282) HUN-chT2 Charousek 1415 2014 (8)}) 12. Nbd2 Nc8 13. Ne5 d6 14. Nc6 Qd7 15. Ne4 Bd8 16. Nxb8 Rxb8 17. Nxc5 Qb5 18. Rc1 Bb6 19. Bf1 Qxc5 20. Rxc5 Bxc5 21. Qg4 f5 22. Qd1 Nb6 23. Bg2 Bc8 24. h4 Bd7 25. h5 h6 26. Bh3 Rbe8 27. Bg2 Rxe1+ 28. Qxe1 Re8 29. Qf1 Na4 30. Qa6 Re1+ 31. Bf1 Nb6 32. Kg2 Be8 33. Be2 Bf7 34. Bf3 Rb1 35. Qxa7 Rxb2 36. Qb8+ Kh7 37. Qf8 Bg8 38. Qxf5+ Kh8 39. Bxh6 Rxf2+ 40. Kh3 Bd4 41. Qg4 Be5 42. Be3 Rxf3 43. Qxf3 Nxd5 44. Bd2 Nf6 45. Bxb4 Bxa2 46. Qa8+ Bg8 47. Qf8 Kh7 48. Bxd6 Be6+ 49. Kg2 Bd5+ 50. Kg1 Bxd6 51. Qxd6 Bf7 52. h6 Kxh6 53. Qf4+ Kg6 54. Kf2 Be6 55. Ke2 Bf5 56. Qh4 Bg4+ 57. Ke3 Bf5 58. Kd4 Bg4 59. Ke5 Bf5 60. Qc4 Bd7 61. Kd6 Bf5 62. Ke7 Be4 63. Kf8 Nh7+ 64. Ke8 Nf6+ 65. Ke7 Bd5 66. Qd4 Be4 67. Kf8 Bd5 68. Qd3+ Be4 69. Qa6 Bf5 70. Qa7 Nh5 71. Kg8 Kg5 72. Qe7+ Kh6 73. Kh8 Kg6 74. Qf8 Kg5 75. Qd8+ Kg6 76. Qe7 Bg4 77. Qe8+ Kg5 78. Qd8+ Kg6 79. Kg8 Nf6+ 80. Kf8 Nh7+ 81. Ke7 Nf6 82. Qa5 Nh5 83. Qa4 Nf6 84. Qc4 Bf5 85. Qf7+ Kh7 86. Qc4 Kg6 87. Kf8 Nd7+ 88. Kg8 Nf6+ 89. Kh8 Bg4 90. Qc7 Nh5 91. Qa7 Bf5 92. Qb6+ Kg5 93. Kg8 Kg4 94. Qd6 g6 95. Kf7 Nxg3 96. Qxg6+ Bxg6+ 97. Kxg6 1/2-1/2

[Event "45th Olympiad Budapest 2024"]
[Site "Budapest"]
[Date "2024.09.19"]
[Round "8"]
[Board "3"]
[White "Castro Torres, Jose Luis"]
[Black "Kavin, Mohan"]
[Result "1-0"]
[WhiteElo "2299"]
[BlackElo "1997"]
[PlyCount "101"]
[EventDate "2024.09.11"]
[EventType "team-tourn"]
[EventRounds "11"]
[EventCountry "HUN"]
[WhiteTeam "Venezuela"]
[BlackTeam "Malaysia"]
[WhiteTeamCountry "VEN"]
[BlackTeamCountry "MAS"]

1. e4 e6 2. d4 d5 3. Nd2 c5 4. exd5 Qxd5 5. Ngf3 cxd4 6. Bc4 Qd6 7. O-O Nf6 8. Nb3 Nc6 9. Nbxd4 Nxd4 10. Nxd4 Be7 11. b3 a6 12. a4 ({RR} 12. Bb2 O-O 13. Qf3 Qc7 14. Rfe1 b5 15. Bd3 Bb7 16. Qh3 Bc8 17. Nxb5 axb5 18. Bxf6 g6 19. Be5 Bd6 20. Bxd6 Qxd6 21. Bxb5 Bb7 22. Bd3 Ra3 23. Qg3 Qe7 24. h4 Rfa8 25. h5 R3a5 26. hxg6 Rg5 {½-½ Tal,M (2605)-Kortschnoj,V (2625) SWIFT-Chess World Championship blitz 1987}) 12... O-O 13. Bb2 Qf4 14. Nf3 $146 ({RR} 14. Qf3 Qxf3 15. Nxf3 b6 16. Bd4 Bd8 17. Be2 Bb7 18. c4 a5 19. Rfb1 Be4 20. Rb2 Bc7 21. b4 axb4 22. Rxb4 Nd7 23. Nd2 Bc6 24. Bf3 Bxf3 25. gxf3 Rfc8 26. Rb5 Bd8 27. Kf1 Ra6 28. Be3 Kf8 {½-½ Gregoric,A (2182)-Thavandiran,S (2363) Nova Gorica op-A 26th 2022 (5)}) 14... Rd8 15. Qe2 Bd7 16. Ne5 Be8 17. Rad1 Qe4 18. Qxe4 Nxe4 19. Bd3 Nc5 20. Ba3 Kf8 21. Bxc5 Bxc5 22. Be4 Rxd1 23. Rxd1 Rb8 24. Nd7+ Bxd7 25. Rxd7 b6 26. Kf1 a5 27. Ke2 g6 28. f4 h5 29. g3 Bb4 30. Bd3 Kg7 31. Bc4 Rc8 32. Kd3 Kf6 33. c3 Bc5 34. Ba6 Ra8 35. Bb7 Rb8 36. Kc4 Bg1 37. h3 Rg8 38. h4 Bf2 39. Kb5 Bxg3 40. Kxb6 Bxh4 41. c4 g5 42. Kxa5 gxf4 43. c5 Be1+ 44. b4 Rg5 45. Kb5 Rg3 46. Rd1 Bc3 47. a5 Be5 48. a6 Ra3 49. Kb6 Bb8 50. Rd8 f3 51. Bxf3 1-0

[Event "45th Olympiad Budapest 2024"]
[Site "Budapest"]
[Date "2024.09.19"]
[Round "8"]
[Board "4"]
[White "Azhar, Muhd Syakir Shazmeer"]
[Black "Jaramillo Lopez, Ali Aaron"]
[Result "1/2-1/2"]
[WhiteElo "2086"]
[BlackElo "2258"]
[PlyCount "88"]
[EventDate "2024.09.11"]
[EventType "team-tourn"]
[EventRounds "11"]
[EventCountry "HUN"]
[WhiteTeam "Malaysia"]
[BlackTeam "Venezuela"]
[WhiteTeamCountry "MAS"]
[BlackTeamCountry "VEN"]

1. e4 c5 2. Nf3 Nc6 3. d4 cxd4 4. Nxd4 Nf6 5. Nc3 d6 6. Bg5 e6 7. Qd2 a6 8. O-O-O Bd7 9. f4 Be7 10. Nf3 b5 11. Bxf6 gxf6 12. f5 Qb6 13. Kb1 O-O-O 14. Bd3 ({RR} 14. fxe6 fxe6 15. g3 b4 16. Ne2 e5 17. Nc1 Be6 18. Qh6 Kb8 19. Bh3 Bf7 20. Nh4 d5 21. Qg7 Rhf8 22. exd5 Bxd5 23. Bg2 Bxg2 24. Nxg2 Qf2 25. Nh4 Rxd1 26. Rxd1 Rc8 27. Qxh7 Nd4 28. Nb3 Rxc2 {½-½ Karjakin,S (2752)-Vachier Lagrave,M (2784) Skilling op Prelim rapid 2020 (3)}) 14... Kb8 15. Rhf1 ({RR} 15. Qh6 Rc8 16. Qh5 Be8 17. Qh3 Bd7 18. Qh5 Rhf8 19. Ne2 Ne5 20. fxe6 Bxe6 21. Nf4 Bc4 22. Bxc4 bxc4 23. Nd5 Qb7 24. Nxe5 dxe5 25. c3 Rc5 26. Qe2 Ka8 27. Ka1 Rb8 28. Rd2 Bd8 29. Rb1 f5 {½-½ Palczert,M (2341)-Macias Pino,D (2477) European Youth O18 Blitz 2024 (11.1)}) 15... Bc8 16. Ne2 $146 ({RR} 16. g4 Rdg8 17. h3 h5 18. Rg1 hxg4 19. Rxg4 Rd8 20. a4 Ne5 21. Nxe5 dxe5 22. fxe6 fxe6 23. axb5 axb5 24. Rg7 Rd7 25. Nxb5 Rxh3 26. Qg2 Rh8 27. Qf1 Rhd8 28. Rxe7 Rxe7 29. Qxf6 Qc5 30. Rh1 Rxd3 {0-1 Golubka,P (2373)-Greenfeld,A (2568) Gothenburg Manhem-A 2016 (7)}) 16... d5 17. exd5 Rxd5 18. Qh6 Nb4 19. Be4 Rxd1+ 20. Rxd1 exf5 21. Bxf5 Qc7 22. Bd3 Be6 23. a3 Nxd3 24. cxd3 b4 25. axb4 Bxb4 26. Qxf6 Rc8 27. Rc1 Qa5 28. Qe5+ Qxe5 29. Nxe5 Bd6 30. Rxc8+ Kxc8 31. Nf3 Bd5 32. h3 Kd7 33. Kc2 a5 34. Nc3 Bb7 35. Ne4 Be7 36. Kc3 f5 37. Ng3 Bf6+ 38. d4 Ke6 39. Ne2 Kd5 40. Ng3 Ke6 41. Nh5 Be7 42. Ne5 Kd5 43. g4 fxg4 44. hxg4 Ba6 1/2-1/2

[Event "45th Olympiad Budapest 2024"]
[Site "Budapest"]
[Date "2024.09.19"]
[Round "8"]
[Board "1"]
[White "Saraci, Nderim"]
[Black "Barbaria, Yacine"]
[Result "1-0"]
[WhiteElo "2446"]
[BlackElo "2179"]
[PlyCount "121"]
[EventDate "2024.09.11"]
[EventType "team-tourn"]
[EventRounds "11"]
[EventCountry "HUN"]
[WhiteTeam "Kosovo *"]
[BlackTeam "Tunisia"]
[BlackTeamCountry "TUN"]

1. Nf3 d5 2. g3 Nf6 3. Bg2 Bg4 4. h3 Bf5 ({RR} 4... Bh5 5. c4 c6 6. O-O e6 7. d3 dxc4 8. dxc4 Qxd1 9. Rxd1 Nbd7 10. b3 Bc5 11. Nc3 O-O-O 12. Bb2 h6 13. Na4 Be7 14. Bd4 Kb8 15. Ne5 Nxe5 16. Bxe5+ Ka8 17. Nc3 Bb4 18. g4 Bg6 19. a3 {½-½ Meier,G (2656)-Lenderman,A (2614) Titled Tuesday intern op1 3rd May blitz 2016 (3)}) 5. d3 ({RR} 5. O-O c6 6. c4 Nbd7 7. Qb3 Qb6 8. d3 dxc4 9. Qxc4 Be6 10. Qc2 h6 11. e4 Nb8 12. Nc3 g5 13. Be3 Qa5 14. b4 Qd8 15. Nd4 Bg7 16. Nxe6 fxe6 17. Qb3 Qd7 18. Rac1 O-O 19. Rfd1 Kh8 {1-0 Babic,M (2080)-Martinez Orozco,C (1761) Olympiad Women 2024 (5.33)}) 5... Nbd7 6. O-O e5 7. Nc3 $146 ({RR} 7. Nh4 Be6 8. e4 dxe4 9. dxe4 Bc5 10. Nc3 a5 11. Qf3 O-O 12. Nf5 g6 13. Nh6+ Kg7 14. Bg5 Be7 15. Rad1 c6 16. Bc1 Qc7 17. Ng4 Nxg4 18. hxg4 h6 19. Nd5 cxd5 20. exd5 e4 21. Qxe4 Nf6 {½-½ Vezzani,S (2121)-Medancic,R (2225) Arco op-A 39th 2017 (4)}) 7... h6 8. Nxd5 Nxd5 9. e4 Bxe4 10. dxe4 N5f6 11. Qe2 Bc5 12. Bd2 Qe7 13. Rad1 Qe6 14. a3 Nb6 15. Bc1 O-O 16. Ne1 Rfe8 17. Nd3 Bf8 18. Rde1 Rad8 19. f4 Nfd7 20. Kh2 c5 21. h4 c4 22. Nxe5 Nxe5 23. Bh3 Qc6 24. fxe5 Rxe5 25. Bf4 Ree8 26. e5 c3 27. b4 Nd5 28. Bc1 a5 29. bxa5 Qc7 30. Qf3 Rxe5 31. Rxe5 Qxe5 32. Qxf7+ Kh8 33. Qf5 Qxf5 34. Bxf5 Nf6 35. Kh3 Rd5 36. g4 Be7 37. Re1 Bd8 38. Bd3 Bxa5 39. g5 Ng8 40. Kg4 Rd4+ 41. Kh3 Bd8 42. Re8 Be7 43. Rb8 h5 44. Rxb7 Rg4 45. Be2 Re4 46. Bxh5 Re1 47. Bf4 Bxa3 48. Bf7 Re7 49. Rxe7 Nxe7 50. h5 Kh7 51. Kg4 Bb4 52. g6+ Kh8 53. h6 Ng8 54. hxg7+ Kxg7 55. Bxg8 Kxg8 56. Be5 Kf8 57. Kf5 Ke7 58. Bf6+ Ke8 59. Ke6 Kf8 60. Kd5 Ba5 61. Kc4 1-0

[Event "45th Olympiad Budapest 2024"]
[Site "Budapest"]
[Date "2024.09.19"]
[Round "8"]
[Board "2"]
[White "Ben Ammar, Mohamed"]
[Black "Ondozi, Murtez"]
[Result "1-0"]
[WhiteElo "2143"]
[BlackElo "2371"]
[PlyCount "239"]
[EventDate "2024.09.11"]
[EventType "team-tourn"]
[EventRounds "11"]
[EventCountry "HUN"]
[WhiteTeam "Tunisia"]
[BlackTeam "Kosovo *"]
[WhiteTeamCountry "TUN"]

1. d4 d5 2. Nf3 Bf5 3. c4 e6 4. Nc3 c6 5. Qb3 Qb6 6. c5 Qc7 7. Bf4 Qc8 8. e3 h6 ({RR} 8... Be7 9. Qa4 Nd7 10. b4 a6 11. Be2 Ngf6 12. h3 Ne4 13. Qb3 O-O 14. O-O Bf6 15. Nxe4 Bxe4 16. Bd6 Bxf3 17. Bxf3 Re8 18. a4 e5 19. Rad1 {½-½ Volzhin,A (2569)-Ulybin,M (2562) MK Cafe Cup-A 1999 (5)}) 9. Be2 Nf6 10. h3 Nbd7 11. Bh2 $146 ({RR} 11. O-O Be7 12. Rfc1 O-O 13. Qd1 Ne4 14. b4 Bf6 15. b5 Ndxc5 16. Nxe4 Nxe4 17. bxc6 bxc6 18. Ne5 Bxe5 19. Bxe5 Qd7 20. Qa4 Qe7 21. f3 Nf6 22. Rxc6 Ne8 23. Qa5 Qg5 24. Kf2 Qg6 25. Qc3 h5 {1-0 Lau,R (2450)-Posch,W (2290) Vienna Donau op 1999}) ({RR} 11. Qd1 Be7 12. b4 a6 13. a4 O-O 14. O-O Bd8 15. b5 a5 16. Bd3 Bc7 17. Bxf5 exf5 18. Bxc7 Qxc7 19. Ne2 Ne4 20. Nf4 Rfe8 21. Nd3 g5 22. Nfe5 f6 23. Nxd7 Qxd7 24. Qc2 Kg7 25. Rab1 Re7 {1-0 Lehtosaari,M (2188)-Tymrakiewicz,R (2157) Titled Tue 28th Feb Early 2023 (7)}) ({RR} 11. Qd1 Be7 12. b4 O-O 13. b5 Bd8 14. bxc6 bxc6 15. Qa4 Bc7 16. Qxc6 Ba5 {0-1 Scalcione,M (2183)-Mufic,G (2372) Mogliano Veneto op 2000 (5)}) 11... Be7 12. O-O b6 13. cxb6 axb6 14. Rfc1 O-O 15. Nb5 Qb7 16. Bd6 Bxd6 17. Nxd6 Qc7 18. Nxf5 exf5 19. Qc2 c5 20. Qxf5 c4 21. b3 b5 22. a4 Qa5 23. Rab1 bxa4 24. bxc4 a3 25. c5 a2 26. Ra1 Rfb8 27. c6 Nf8 28. Ne5 Ra7 29. Qc2 Ne6 30. Bd3 Qa3 31. Bf5 Rb2 32. Qd1 Nc7 33. Nd3 Rb5 34. Nc5 Rb2 35. Bd3 Qa5 36. Qf3 Qd2 37. Rd1 Qb4 38. Qf5 Ra8 39. Nd7 Qd6 40. Ne5 Kf8 41. e4 g6 42. Qf4 Kg7 43. Qxh6+ Kxh6 44. Nxf7+ Kg7 45. Nxd6 dxe4 46. Nxe4 Nfd5 47. Rd2 Rxd2 48. Nxd2 Nb4 49. Bc4 Kf6 50. Ne4+ Ke7 51. Nc3 Ra3 52. Nxa2 Kd6 53. Bf7 g5 54. Rb1 Nxc6 55. Nb4 Ne7 56. Nc2 Rd3 57. Ne3 Rxd4 58. Rd1 Rxd1+ 59. Nxd1 Nb5 60. Ne3 Ke5 61. g3 Nd4 62. Kg2 Kf6 63. Bc4 Ng6 64. Bd3 Ne5 65. Be4 Nd7 66. Ng4+ Ke6 67. Bb1 Nc5 68. Nh2 Kf6 69. Nf3 Nb5 70. h4 gxh4 71. Nxh4 Nc3 72. Bc2 Nd5 73. Nf3 Nb4 74. Bd1 Ne4 75. Be2 Nc3 76. Bc4 Nc6 77. Nd2 Nd4 78. Bd3 Kg7 79. Ne4 Nd5 80. Nd6 Ne7 81. f4 Nd5 82. Be4 Ne3+ 83. Kh3 Kf6 84. Bd3 Ne6 85. Ne4+ Ke7 86. Nf2 Nd5 87. Kg4 Nd4 88. Nd1 Nf6+ 89. Kh3 Nb3 90. Ne3 Nc5 91. Bf5 Ne8 92. g4 Nd6 93. g5 Kf8 94. Kg4 Nb3 95. Bd3 Nc5 96. Bc2 Ne6 97. f5 Nd4 98. Bd3 Nf7 99. Nc4 Ke7 100. Be4 Nxf5 101. Kxf5 Nxg5 102. Kxg5 Kf7 103. Bf5 Kg7 104. Ne5 Kh8 105. Kf6 Kg8 106. Nf7 Kf8 107. Bh7 Ke8 108. Ne5 Kd8 109. Ke6 Kc7 110. Nd7 Kc6 111. Bd3 Kc7 112. Bb5 Kd8 113. Kd6 Ke8 114. Bc4 Kd8 115. Nc5 Ke8 116. Nd7 Kd8 117. Bf7 Kc8 118. Nc5 Kb8 119. Be6 Ka7 120. Kc7 1-0

[Event "45th Olympiad Budapest 2024"]
[Site "Budapest"]
[Date "2024.09.19"]
[Round "8"]
[Board "3"]
[White "Uruci, Endrit"]
[Black "Meftahi, Houssem"]
[Result "0-1"]
[WhiteElo "2348"]
[BlackElo "2112"]
[PlyCount "58"]
[EventDate "2024.09.11"]
[EventType "team-tourn"]
[EventRounds "11"]
[EventCountry "HUN"]
[WhiteTeam "Kosovo *"]
[BlackTeam "Tunisia"]
[BlackTeamCountry "TUN"]

1. d4 d5 2. c4 e6 3. Nf3 c6 4. g3 dxc4 5. Bg2 b5 6. O-O Bb7 7. Nc3 a6 8. a4 ({RR} 8. Ne5 Nd7 9. Nxc6 Qb6 10. Be3 Ngf6 11. d5 Bc5 12. dxe6 fxe6 13. Bxc5 Qxc5 {½-½ Can,E (2606)-Adhiban,B (2598) Novi Sad Serbia op-A 2022 (5)}) 8... Nd7 9. e4 Bb4 $146 ({RR} 9... h6 10. d5 e5 11. dxc6 Bxc6 12. axb5 axb5 13. Rxa8 Qxa8 14. b3 cxb3 15. Qxb3 Ngf6 16. Bb2 Bc5 17. Nd5 Bxd5 18. exd5 Qb8 19. Re1 O-O 20. h3 e4 21. Nd4 Qb6 22. Qd1 Ne5 23. Bxe4 Nc4 24. Ba1 {0-1 Arnaudov,P (2448)-Smeets,J (2620) EU-chT (Men) 19th 2013 (9.35)}) ({RR} 9... Ngf6 10. e5 Nd5 11. Ng5 Be7 12. Qh5 g6 13. Qh6 Bf8 14. Qh3 Bg7 15. Nce4 Bf8 16. Nxe6 fxe6 17. Qxe6+ Qe7 18. Nd6+ Kd8 19. Bg5 Qxg5 20. Nf7+ Kc7 21. Nxg5 Be7 22. Nf7 Rhe8 23. Nd6 Bxd6 24. Qxd6+ {1-0 Kepeschuk,M (2269)-Ivanov,A (2068) Titled Tue 13th Feb Late 2024 (4)}) ({RR} 9... Ngf6 10. e5 Nd5 11. Ng5 Be7 12. Qh5 g6 13. Qh6 Bf8 14. Qh3 Nxc3 15. bxc3 Bg7 16. Ne4 O-O 17. Nd6 Qc7 18. Ba3 Rfd8 19. f4 Nb6 20. g4 Nxa4 21. f5 Bc8 22. fxg6 fxg6 23. Rf7 Rd7 24. Raf1 {1-0 Kepeshchuk,M (2269)-Obolenskikh,D (2544) Titled Tuesday intern op 7th July blitz 2020 (3)}) 10. d5 Ngf6 11. dxe6 fxe6 12. e5 Nd5 13. Nd4 Qe7 14. Ne4 Nxe5 15. Qh5+ Nf7 16. Bh3 g6 17. Qe2 O-O 18. Bxe6 Kh8 19. Bh3 Rae8 20. f3 Nd6 21. Ne6 Bc8 22. N4g5 Nc7 23. Bd2 Bxd2 24. Qxd2 Nxe6 25. Bxe6 Bxe6 26. Rfe1 Qd7 27. Rad1 Bd5 28. Ne4 Nxe4 29. fxe4 Qa7+ 0-1